[Event "The old man the boat."]
[Site "SchemingMind.com"]
[Date "2012.04.04"]
[Round "-"]
[White "Sir Osis of the Liver"]
[Black "tyler_ensor"]
[Result "0-1"]
[WhiteCountry "ENG"]
[BlackCountry "CAN"]
[WhiteElo "1683"]
[WhiteRD "92"]
[BlackElo "1835"]
[BlackRD "72"]
[GameID "307439"]

1. e4 c5 2. Bc4 e6 3. a3 d5 4. exd5 exd5 5. Ba2 Nf6 6. d4 Nc6 7. Nf3 cxd4 8. O-O Be7 9. Nxd4 O-O 10. Nf3 Bg4
11. Bf4 Re8 12. h3 Bh5 13. Nbd2 Rc8 14. Qc1 Qd7 15. Ne5 Nxe5 16. Bxe5 Bg6 17. c3 Bc5 18. Bd4 Bxd4 19. cxd4 Rxc1 20. Raxc1 h6
21. Nf3 Bd3 22. Ne5 Rxe5 23. dxe5 Bxf1 24. exf6 Bc4 25. b3 Ba6 26. b4 Bc4 27. Bxc4 dxc4 28. Rxc4 Qd1+ 29. Kh2 Qd6+ 30. g3 Qxf6
31. Kg2 Qb2 32. a4 Qb3 33. Rc8+ Kh7 34. Rc7 Qxa4 35. Rxf7 Qxb4 36. h4 a5 37. Kh3 a4 38. Rf4 Qxf4
0-1

[Event "The old man the boat."]
[Site "SchemingMind.com"]
[Date "2012.04.04"]
[Round "-"]
[White "tyler_ensor"]
[Black "Sir Osis of the Liver"]
[Result "1-0"]
[WhiteCountry "CAN"]
[BlackCountry "ENG"]
[WhiteElo "1828"]
[WhiteRD "78"]
[BlackElo "1648"]
[BlackRD "94"]
[GameID "307440"]

1. e4 e5 2. Nf3 Nc6 3. Bb5 d6 4. d4 Bd7 5. Nc3 a6 6. Bxc6 Bxc6 7. dxe5 Ne7 8. exd6 cxd6 9. O-O Ng6 10. Be3 Be7
11. Nd5 O-O 12. Bb6 Qd7 13. Ba5 Bxd5 14. Qxd5 Nf4 15. Qd2 Ne6 16. Rad1 Nc5 17. e5 Ne4 18. Qd4 Nc5 19. exd6 Ne6 20. dxe7 Nxd4
21. exf8=Q+ Kxf8 22. Rxd4 Qb5 23. Bb4+ Ke8 24. Re1+
1-0

[Event "The old man the boat."]
[Site "SchemingMind.com"]
[Date "2012.04.08"]
[Round "-"]
[White "emvarela"]
[Black "tyler_ensor"]
[Result "0-1"]
[WhiteCountry "ARG"]
[BlackCountry "CAN"]
[WhiteElo "1731"]
[WhiteRD "50"]
[BlackElo "1856"]
[BlackRD "81"]
[GameID "307739"]

1. e4 c5 2. Nf3 d6 3. d4 cxd4 4. Nxd4 Nf6 5. Nc3 a6 6. Be3 e5 7. Nb3 Be6 8. Qd2 Nbd7 9. f3 b5 10. O-O-O Nb6
11. Qf2 Nfd7 12. Bxb6 Nxb6 13. Nd5 Nxd5 14. exd5 Bf5 15. Bd3 Bxd3 16. Rxd3 Be7 17. h4 O-O 18. Kb1 f5 19. Nd2 Rc8 20. g3 a5
21. a3 b4 22. axb4 axb4 23. Nb3 Qd7 24. c3 bxc3 25. Rxc3 Rxc3 26. bxc3 Qa4 27. Qa2 Qc4 28. Kc2 Qe2+
0-1

[Event "The old man the boat."]
[Site "SchemingMind.com"]
[Date "2012.04.08"]
[Round "-"]
[White "emvarela"]
[Black "Sir Osis of the Liver"]
[Result "1-0"]
[WhiteCountry "ARG"]
[BlackCountry "ENG"]
[WhiteElo "1746"]
[WhiteRD "46"]
[BlackElo "1658"]
[BlackRD "94"]
[GameID "307740"]

1. e4 e5 2. Nf3 Nf6 3. d4 Nxe4 4. Bd3 d5 5. Nxe5 Qf6 6. Nf3 c5 7. Bxe4 Be6 8. Bxd5 Bxd5 9. dxc5 Bxf3 10. Qxf3 Nd7
11. Qxf6 Nxf6 12. Be3 Nd5 13. Ke2 Nb4 14. Na3 Be7 15. c3 Na6 16. b4 O-O 17. Rad1 h6 18. Rd7 Bf6 19. Bd4 Bxd4 20. Rxd4 Rae8+
21. Kd2 Re6 22. Rd1 Rfe8 23. Kc2 Nb8 24. Rd8 Nc6 25. Rxe8+ Rxe8 26. Nc4 Re2+ 27. Rd2 Re4 28. Nd6 Re7 29. b5 Nd8 30. Nc8 Re8
31. Nxa7 Re5 32. Rxd8+ Kh7 33. c6 bxc6 34. b6 Re7 35. Nxc6 Re2+ 36. Kb3 Rxf2 37. b7
1-0

[Event "The old man the boat."]
[Site "SchemingMind.com"]
[Date "2012.04.08"]
[Round "-"]
[White "tyler_ensor"]
[Black "emvarela"]
[Result "1-0"]
[WhiteCountry "CAN"]
[BlackCountry "ARG"]
[WhiteElo "2052"]
[WhiteRD "83"]
[BlackElo "1738"]
[BlackRD "51"]
[GameID "307741"]

1. e4 e5 2. Nf3 Nc6 3. Bb5 f5 4. Nc3 Nf6 5. exf5 Nd4 6. Nxe5 c6 7. Be2 Qe7 8. f4 Nxf5 9. O-O d6 10. Bh5+ g6
11. Bxg6+ hxg6 12. Nxg6 Qg7 13. Nxh8 Qxh8 14. Re1+ Be7 15. Ne4 Nxe4 16. Rxe4 Qg7 17. Qh5+ Kf8 18. Rb1 Nh4 19. g3 Bg4 20. Qa5 Bd8
21. Qc3 Nf3+ 22. Kg2 Bf6 23. Qd3 d5 24. Re3 Nh4+ 25. gxh4 Bxh4 26. Rg3 Bxg3 27. Qxg3 Bf5 28. Qxg7+ Kxg7 29. d3 Re8 30. Kf2 c5
31. Bd2 c4 32. Bc3+ Kg6 33. Rg1+ Kh6 34. dxc4 dxc4 35. Bg7+ Kh7 36. c3 Bd3 37. Be5 Re7 38. Kf3 b5 39. a3 a6 40. h4 Kh6
41. Rg8 Re6 42. Rh8+ Kg6 43. h5+ Kf7 44. h6 Re8 45. Rxe8 Kxe8 46. Kg4 Kf7 47. f5 Kg8 48. Kg5
1-0

[Event "The old man the boat."]
[Site "SchemingMind.com"]
[Date "2012.04.08"]
[Round "-"]
[White "Sir Osis of the Liver"]
[Black "emvarela"]
[Result "0-1"]
[WhiteCountry "ENG"]
[BlackCountry "ARG"]
[WhiteElo "1658"]
[WhiteRD "94"]
[BlackElo "1746"]
[BlackRD "46"]
[GameID "307742"]

1. e4 e5 2. Nf3 Nc6 3. Bc4 Bc5 4. O-O Nf6 5. d3 d6 6. Nc3 O-O 7. Bg5 h6 8. Bh4 Be6 9. Nd5 g5 10. Nxg5 hxg5
11. Bxg5 Bxd5 12. Bxf6 Qxf6 13. Bxd5 Nd4 14. Qg4+ Qg7 15. Qd1 c6 16. c3 cxd5 17. cxd4 Bxd4 18. Qb3 dxe4 19. dxe4 b6 20. Kh1 Rac8
21. Qb4 Rc5 22. h3 f5 23. Qb3+ Kh7 24. Qd3 fxe4 25. Qxe4+ Kh8 26. Rad1 Rf4 27. Qa8+ Kh7 28. f3 Rc2 29. g4 Rxb2 30. a4 Qf7
31. Rc1 Bc5 32. Qd8 Rf6 33. Qa8 Rh6 34. Qe4+ Kg7 35. Rc2 Rxc2 36. Qxc2 Rxh3+ 37. Kg2 Rh8 38. Qc1 Qa2+
0-1

[Event "The old man the boat."]
[Site "SchemingMind.com"]
[Date "2012.04.17"]
[Round "-"]
[White "keen"]
[Black "tyler_ensor"]
[Result "0-1"]
[WhiteCountry "SCO"]
[BlackCountry "CAN"]
[WhiteElo "1676"]
[WhiteRD "60"]
[BlackElo "1838"]
[BlackRD "77"]
[GameID "308476"]

1. c4 f5 2. Nc3 Nf6 3. Nf3 g6 4. g3 Bg7 5. Bg2 d6 6. O-O e5 7. d3 O-O 8. Rb1 Nh5 9. Qc2 f4 10. a3 Bg4
11. Ne1 Nc6 12. h3 Nd4 13. Qa4 Nxe2+ 14. Kh1 Bd7 15. Qb3 Nxc1 16. Rxc1 fxg3 17. Ne4 Bc6 18. Qc2 gxf2 19. Rxf2 Rxf2 20. Qxf2 Nf4
21. Qg3 Ne2
0-1

[Event "The old man the boat."]
[Site "SchemingMind.com"]
[Date "2012.04.19"]
[Round "-"]
[White "keen"]
[Black "emvarela"]
[Result "1-0"]
[WhiteCountry "SCO"]
[BlackCountry "ARG"]
[WhiteElo "1729"]
[WhiteRD "63"]
[BlackElo "1757"]
[BlackRD "48"]
[GameID "308477"]

1. c4 c5 2. Nc3 Nf6 3. g3 d5 4. cxd5 Nxd5 5. Bg2 Nc7 6. Nf3 Nc6 7. O-O e5 8. d3 Be7 9. e3 Bg4 10. Qd2 Bxf3
11. Bxf3 Qd7 12. Rd1 O-O-O 13. Qe2 Nb4 14. d4 exd4 15. exd4 cxd4 16. Qe4 Qc6 17. Qxc6 Nxc6 18. Bg4+ Kb8 19. Ne4 Ne5 20. Be2 f6
21. b3 Ne6 22. Bf4 Nxf4 23. gxf4 Nc6 24. Rac1 Rhe8 25. Bf3 Bd6 26. Nxd6 Rxd6 27. Rc4 d3 28. Be4 d2 29. Kf1 Kc7 30. Bxc6 bxc6
31. Rc2 Re4 32. Rcxd2 Rxd2 33. Rxd2 Rxf4 34. Kg2 g5 35. Re2 Rg4+ 36. Kh1 h5 37. Re7+ Kb6 38. Re6 Rf4 39. Kg1 g4 40. Kg2 h4
41. Re7 Rf3 42. Re3 h3+ 43. Kf1 Rxe3 44. fxe3 Kc5 45. Kf2 Kd5 46. Kg3 Ke4 47. Kxg4 f5+ 48. Kxh3 Kxe3 49. Kg2 Kf4 50. Kf2 Kg4
51. Kg2 a5 52. h3+ Kf4 53. Kf2 c5 54. Kg2 Kg5 55. Kf3 a4 56. h4+ Kg6 57. Kf4 axb3 58. axb3 Kf6 59. h5
1-0

[Event "The old man the boat."]
[Site "SchemingMind.com"]
[Date "2012.04.18"]
[Round "-"]
[White "keen"]
[Black "Sir Osis of the Liver"]
[Result "1-0"]
[WhiteCountry "SCO"]
[BlackCountry "ENG"]
[WhiteElo "1733"]
[WhiteRD "63"]
[BlackElo "1648"]
[BlackRD "94"]
[GameID "308478"]

1. e4 e5 2. Nf3 Nc6 3. Bb5 d6 4. O-O Bd7 5. c3 Be7 6. d4 Nf6 7. d5 Nb8 8. Bxd7+ Nbxd7 9. Re1 h6 10. Nbd2 O-O
11. Nb3 Nc5 12. Nxc5 dxc5 13. Nxe5 Bd6 14. Nc4 Be7 15. Ne5 Bd6 16. Nc4 Be7 17. Bf4 Bd6 18. e5 Nxd5 19. Qxd5 Be7 20. Qxd8 Raxd8
21. Na5 b6 22. Nc6 Rde8 23. Nxe7+ Rxe7 24. Rad1 g5 25. Bg3 c6 26. Rd6 h5 27. f3 Rc8 28. f4 h4 29. Bf2 gxf4 30. Bxh4 Ree8
31. Bf6 Re6 32. Rd7 Rce8 33. Rf1 a5 34. Rxf4 b5 35. Rh4 Rxf6 36. exf6 b4 37. Rg4+ Kh7 38. Rg7+ Kh6 39. Rdxf7 Re6 40. Rg3 a4
41. Rf8 Kh7 42. f7 Rf6 43. Rf3 Kg7 44. Rxf6 Kxf8 45. Rxc6
1-0

[Event "The old man the boat."]
[Site "SchemingMind.com"]
[Date "2012.04.17"]
[Round "-"]
[White "tyler_ensor"]
[Black "keen"]
[Result "1-0"]
[WhiteCountry "CAN"]
[BlackCountry "SCO"]
[WhiteElo "1838"]
[WhiteRD "77"]
[BlackElo "1676"]
[BlackRD "60"]
[GameID "308479"]

1. d4 Nf6 2. c4 e6 3. Nc3 Bb4 4. e3 O-O 5. Bd3 c5 6. Nf3 d5 7. O-O Nc6 8. a3 Ba5 9. cxd5 cxd4 10. dxc6 dxc3
11. cxb7 cxb2 12. bxa8=Q bxa1=Q 13. Qc2 Bb6 14. Rd1 Nd5 15. Bxh7+ Kh8 16. Be4 Qd7 17. Bxd5 exd5 18. Rxd5 Qb7 19. Rh5+
1-0

[Event "The old man the boat."]
[Site "SchemingMind.com"]
[Date "2012.04.20"]
[Round "-"]
[White "emvarela"]
[Black "keen"]
[Result "0-1"]
[WhiteCountry "ARG"]
[BlackCountry "SCO"]
[WhiteElo "1743"]
[WhiteRD "46"]
[BlackElo "1717"]
[BlackRD "61"]
[GameID "308480"]

1. e4 e6 2. d4 d5 3. Nc3 Nf6 4. e5 Nfd7 5. f4 c5 6. Nf3 Nc6 7. Be3 cxd4 8. Nxd4 Nxd4 9. Bxd4 Be7 10. Bd3 Bc5
11. Bxc5 Nxc5 12. Bb5+ Bd7 13. Bxd7+ Qxd7 14. Qd4 Rc8 15. O-O O-O 16. b4 Na6 17. Rf3 Rc4 18. Qxa7 Rfc8 19. b5 Nb4 20. Qa5 Nxc2
21. Rc1 Nd4 22. Rff1 Rxc3 23. Rxc3 Ne2+ 24. Kf2 Nxc3 25. Rc1 Ne4+
0-1

[Event "The old man the boat."]
[Site "SchemingMind.com"]
[Date "2012.04.18"]
[Round "-"]
[White "Sir Osis of the Liver"]
[Black "keen"]
[Result "0-1"]
[WhiteCountry "ENG"]
[BlackCountry "SCO"]
[WhiteElo "1641"]
[WhiteRD "105"]
[BlackElo "1676"]
[BlackRD "60"]
[GameID "308481"]

1. e4 e6 2. Nf3 d5 3. d3 c5 4. e5 Nc6 5. Nc3 Bd7 6. Be2 f6 7. Bf4 Be7 8. Nb5 Qa5+ 9. Nc3 d4 10. exf6 Bxf6
11. Ne5 Nxe5 12. O-O dxc3 13. bxc3 Qxc3 14. Rb1 Bc6 15. Rb3 Qa5 16. a3 Rd8 17. c4 Ba4 18. Rb5 Qxb5 19. Qc1 Qd7 20. Bxe5 Bxe5
21. Qe3 Qc7 22. g3 Ne7 23. Bg4 Bd7 24. f4 Bd4
0-1

[Event "The old man the boat."]
[Site "SchemingMind.com"]
[Date "2012.04.19"]
[Round "-"]
[White "Archon"]
[Black "keen"]
[Result "1-0"]
[WhiteCountry "CAN"]
[BlackCountry "SCO"]
[WhiteElo "1703"]
[WhiteRD "53"]
[BlackElo "1676"]
[BlackRD "60"]
[GameID "308631"]

1. d4 Nf6 2. Nc3 g6 3. e4 d6 4. Nf3 Bg7 5. Bg5 O-O 6. Be2 Nbd7 7. Qd2 Re8 8. h4 b6 9. h5 Nf8 10. hxg6 fxg6
11. O-O-O Be6 12. Bh6 Nh5 13. Bxg7 Kxg7 14. Rxh5 gxh5 15. Ng5 Qd7 16. Bxh5 Reb8 17. Rh1 Bg4 18. Bxg4 Qxg4 19. f3 Qg3 20. Nd5 Rc8
21. Nxe7 Re8 22. Nf5+
1-0

[Event "The old man the boat."]
[Site "SchemingMind.com"]
[Date "2012.04.19"]
[Round "-"]
[White "Archon"]
[Black "tyler_ensor"]
[Result "0-1"]
[WhiteCountry "CAN"]
[BlackCountry "CAN"]
[WhiteElo "1703"]
[WhiteRD "53"]
[BlackElo "1838"]
[BlackRD "77"]
[GameID "308632"]

1. d4 d5 2. Nc3 Nf6 3. Bg5 Nbd7 4. f3 c5 5. dxc5 Qa5 6. Qd2 e5 7. e4 d4 8. Nd5 Qxc5 9. Bxf6 Nxf6 10. Nxf6+ gxf6
11. Ne2 Be6 12. Ng3 h5 13. Bd3 h4 14. Nf5 Bxf5 15. exf5 Bh6 16. Qf2 O-O-O 17. Qe2 Qb4+ 18. Kd1 Qxb2
0-1

[Event "The old man the boat."]
[Site "SchemingMind.com"]
[Date "2012.04.19"]
[Round "-"]
[White "Archon"]
[Black "emvarela"]
[Result "0-1"]
[WhiteCountry "CAN"]
[BlackCountry "ARG"]
[WhiteElo "1595"]
[WhiteRD "56"]
[BlackElo "1731"]
[BlackRD "50"]
[GameID "308633"]

1. d4 Nf6 2. Nc3 d5 3. Bg5 e6 4. e4 dxe4 5. Nxe4 Be7 6. Nf3 Nbd7 7. Nxf6+ Bxf6 8. Bxf6 Qxf6 9. Be2 O-O 10. Qd2 b6
11. c3 Bb7 12. O-O Bxf3 13. Bxf3 Rad8 14. Qc2 c5 15. Rad1 cxd4 16. Rxd4 Ne5 17. Rxd8 Rxd8 18. Be4 Rd6 19. Rd1 Rxd1+ 20. Qxd1 g6
21. Qd2 Kg7 22. Qd4 Ng4 23. Qxf6+ Kxf6 24. f3 Ne3 25. b3 Nd1 26. c4 Nc3 27. Bb7 Nxa2 28. Bc6 Ke5 29. Kf2 Nb4 30. Be8 f6
31. Bf7 Nd3+ 32. Ke3 Nc1 33. b4 a5 34. Kd2 Nb3+ 35. Kc3 Nd4 36. bxa5 bxa5 37. Be8 g5 38. Kd3 Nf5 39. Kc3 Ne3 40. g3 Nf1
41. f4+ gxf4 42. gxf4+ Kxf4 43. h3 Ne3
0-1

[Event "The old man the boat."]
[Site "SchemingMind.com"]
[Date "2012.04.20"]
[Round "-"]
[White "Archon"]
[Black "Sir Osis of the Liver"]
[Result "0-1"]
[WhiteCountry "CAN"]
[BlackCountry "ENG"]
[WhiteElo "1684"]
[WhiteRD "57"]
[BlackElo "1648"]
[BlackRD "94"]
[GameID "308634"]

1. d4 d5 2. Nc3 Nf6 3. Bg5 Nc6 4. Nf3 e6 5. e4 Be7 6. e5 Nd7 7. Bb5 f6 8. Bxc6 fxg5 9. Ba4 O-O 10. O-O Nb6
11. Bb3 Nc4 12. Nd2 Nxb2 13. Qe2 a5 14. a4 Bb4 15. Nb5 Bxd2 16. Qxd2 Nc4 17. Bxc4 dxc4 18. Ra3 Bd7 19. Rg3 h6 20. Nc3 Be8
21. Ne4 Rf5 22. h4 Bc6 23. Nc5 Qe7 24. hxg5 hxg5 25. f3 b6 26. Ne4 Rf4 27. Nxg5 Raf8 28. Nxe6 Qxe6 29. Qd1 Bxa4 30. Kf2 Qd5
31. Rh1 Rxd4 32. Qc1 Rd2+ 33. Ke1 Rxc2 34. Qh6 Qxe5+ 35. Kf1 Qxg3 36. Qh7+ Kf7 37. Qf5+ Ke7 38. Qe4+ Kd8 39. Qa8+ Kd7 40. Qd5+ Qd6
0-1

[Event "The old man the boat."]
[Site "SchemingMind.com"]
[Date "2012.04.19"]
[Round "-"]
[White "keen"]
[Black "Archon"]
[Result "1/2-1/2"]
[WhiteCountry "SCO"]
[BlackCountry "CAN"]
[WhiteElo "1676"]
[WhiteRD "60"]
[BlackElo "1703"]
[BlackRD "53"]
[GameID "308635"]

1. e4 d6 2. d4 Nf6 3. Nc3 c6 4. Nf3 Bg4 5. h3 Bh5 6. Be2 e6 7. O-O Be7 8. Be3 d5 9. exd5 cxd5 10. Re1 Nc6
11. Qd2 O-O 12. Nh2 Bxe2 13. Qxe2 Rc8 14. Rad1 Na5 15. Bg5 h6 16. Bh4 Nc4 17. Rb1 Nd6 18. Ng4 Nxg4 19. Bxe7 Qxe7 20. Qxg4 Rxc3
21. bxc3 Nc4 22. Rb4 b6 23. Qe2 Rc8 24. Reb1 Qc7 25. Rd1 Qd6 26. Rdb1 Qc7 27. Qd3 Na3 28. R1b3 Nc4 29. Qe2 Qb7 30. a4 Na5
31. Ra3 Rc4 32. Qd3 Qc7 33. Rb2 Rc6 34. Rb5 Nc4 35. Ra2 Qc8=
1/2-1/2

[Event "The old man the boat."]
[Site "SchemingMind.com"]
[Date "2012.04.19"]
[Round "-"]
[White "tyler_ensor"]
[Black "Archon"]
[Result "1-0"]
[WhiteCountry "CAN"]
[BlackCountry "CAN"]
[WhiteElo "1837"]
[WhiteRD "75"]
[BlackElo "1715"]
[BlackRD "59"]
[GameID "308636"]

1. Nf3 d6 2. d4 Nf6 3. c4 g6 4. Nc3 Bg7 5. g3 O-O 6. Bg2 c5 7. O-O Nc6 8. dxc5 dxc5 9. Nd5 Nxd5 10. cxd5 Nd4
11. e3 Nxf3+ 12. Qxf3 f5 13. Rd1 Qb6 14. Qe2 e6 15. Rb1 exd5 16. Bxd5+ Be6 17. Bxe6+ Qxe6 18. b3 Rad8 19. Bb2 Rxd1+ 20. Rxd1 f4
21. Bxg7 Kxg7 22. Qb2+ Kg8 23. exf4 Qf6 24. Qxf6 Rxf6 25. Rd8+ Kg7 26. Rd7+ Rf7 27. Rxf7+ Kxf7 28. Kf1 b5 29. Ke2 Ke6 30. Kd3 Kd5
31. f3 c4+ 32. bxc4+ bxc4+ 33. Kc3 a5 34. a4 Kc5 35. g4 Kd5 36. h3
1-0

[Event "The old man the boat."]
[Site "SchemingMind.com"]
[Date "2012.04.20"]
[Round "-"]
[White "emvarela"]
[Black "Archon"]
[Result "1-0"]
[WhiteCountry "ARG"]
[BlackCountry "CAN"]
[WhiteElo "1697"]
[WhiteRD "45"]
[BlackElo "1719"]
[BlackRD "54"]
[GameID "308637"]

1. e4 d6 2. d4 Nf6 3. Nc3 c6 4. f4 Qa5 5. Bd3 e5 6. Nf3 Nbd7 7. fxe5 dxe5 8. dxe5 Nxe5 9. Bd2 Nxf3+ 10. gxf3 Bh3
11. f4 Bb4 12. a3 Qh5 13. Qxh5 Nxh5 14. axb4 Bg2 15. Rg1 Bh3 16. Be3
1-0

[Event "The old man the boat."]
[Site "SchemingMind.com"]
[Date "2012.04.21"]
[Round "-"]
[White "Sir Osis of the Liver"]
[Black "Archon"]
[Result "1-0"]
[WhiteCountry "ENG"]
[BlackCountry "CAN"]
[WhiteElo "1648"]
[WhiteRD "94"]
[BlackElo "1684"]
[BlackRD "57"]
[GameID "308638"]

1. e4 d6 2. f4 Nf6 3. Nc3 Bg4 4. Nf3 e6 5. Be2 Nbd7 6. O-O d5 7. e5 Ne4 8. Nxe4 dxe4 9. Ng5 Bxe2 10. Qxe2 Bc5+
11. Kh1 e3 12. dxe3 Qe7 13. c3 Bb6 14. b3 O-O-O 15. a4 a6 16. b4 Kb8 17. Ba3 Qe8 18. b5 a5 19. Ne4 h6 20. c4 Ka8
21. Rfd1 Nb8 22. c5 Ba7 23. Qc4 g5 24. Nf6 Rxd1+ 25. Rxd1 Qc8 26. h3 Rd8 27. Rb1 Rd2 28. b6 cxb6 29. Qb5 Qc6 30. Qxc6 Nxc6
31. cxb6 Bb8 32. Ne4 Ra2 33. Bd6 Re2 34. Bc7 Rxe3 35. Nd6 Rc3 36. Nb5 Rc2 37. Bd6 gxf4 38. Nc7+ Bxc7 39. bxc7 Na7 40. Rf1 Rc4
41. g3 Nc8 42. gxf4 b6 43. f5 Rc6 44. fxe6 Kb7 45. Rxf7 Nxd6 46. exd6 Rxd6 47. e7 Re6 48. Rf8
1-0

[Event "The old man the boat."]
[Site "SchemingMind.com"]
[Date "2012.04.21"]
[Round "-"]
[White "Scooter"]
[Black "keen"]
[Result "0-1"]
[WhiteCountry "USA"]
[BlackCountry "SCO"]
[WhiteElo "1737"]
[WhiteRD "53"]
[BlackElo "1697"]
[BlackRD "59"]
[GameID "308804"]

1. d4 Nf6 2. Nf3 g6 3. Bf4 Bg7 4. h3 d6 5. e3 O-O 6. Be2 c5 7. c3 Nc6 8. Nbd2 cxd4 9. cxd4 Bd7 10. O-O e6
11. a3 Re8 12. Nc4 Ne4 13. Nxd6 Nxd6 14. Rc1 Ne4 15. Bd3 Nf6 16. b4 Nh5 17. Bh2 e5 18. dxe5 Nxe5
0-1

[Event "The old man the boat."]
[Site "SchemingMind.com"]
[Date "2012.04.22"]
[Round "-"]
[White "Scooter"]
[Black "Archon"]
[Result "0-1"]
[WhiteCountry "USA"]
[BlackCountry "CAN"]
[WhiteElo "1801"]
[WhiteRD "49"]
[BlackElo "1703"]
[BlackRD "53"]
[GameID "308805"]

1. d4 d6 2. Nf3 Nf6 3. Bf4 g6 4. h3 Bg7 5. e3 O-O 6. Be2 c5 7. c3 Qb6 8. Qb3 Be6 9. Qxb6 axb6 10. a3 Na6
11. O-O Nc7 12. Nbd2 Rfc8 13. b4 Nfd5 14. Rfc1 Nxf4 15. exf4 Bd5 16. Bc4 Bxc4 17. Nxc4 Ra6 18. a4 Rca8 19. b5 Rxa4 20. Rxa4 Rxa4
21. Nxb6 Ra2 22. dxc5 Nxb5 23. cxd6 exd6 24. c4 Nd4 25. Nxd4 Bxd4 26. Nc8 Bxf2+ 27. Kf1 Bc5 28. Ne7+ Kg7 29. g3 Kf8 30. Nd5 Bd4
31. Rd1 Bc5 32. Nf6 h5 33. Nd7+ Ke7 34. Nxc5 dxc5 35. Rb1 b6 36. Rxb6 Rc2 37. Rb7+ Kf6 38. Rb6+ Kg7 39. Rc6 Rxc4 40. Kf2 Rc3
41. h4 c4 42. Rc7 Rc2+ 43. Kf1 Rc3 44. Kf2 Rc2+ 45. Kf3 Rc1 46. Kf2 c3 47. Kg2 c2 48. Kf2 Kf8 49. Kg2 f6 50. Kf2 Kg8
51. Kg2 Kf8= 52. Kf2 Kg8 53. Rc3 Rh1
0-1

[Event "The old man the boat."]
[Site "SchemingMind.com"]
[Date "2012.04.20"]
[Round "-"]
[White "Scooter"]
[Black "tyler_ensor"]
[Result "1-0"]
[WhiteCountry "USA"]
[BlackCountry "CAN"]
[WhiteElo "1801"]
[WhiteRD "49"]
[BlackElo "1838"]
[BlackRD "77"]
[GameID "308806"]

1. d4 f5 2. Nf3 Nf6 3. Bf4 g6 4. h3 Bg7 5. e3 d6 6. Nbd2 O-O 7. Be2 Qe8 8. O-O Nh5 9. Bh2 e5 10. dxe5 dxe5
11. c3 b6 12. Ng5 Nf6 13. Bc4+ Kh8 14. Bxe5 Qxe5 15. Nf7+ Rxf7 16. Bxf7 Bb7 17. Nf3 c5 18. Nxe5
1-0

[Event "The old man the boat."]
[Site "SchemingMind.com"]
[Date "2012.04.25"]
[Round "-"]
[White "Scooter"]
[Black "emvarela"]
[Result "1-0"]
[WhiteCountry "USA"]
[BlackCountry "ARG"]
[WhiteElo "1806"]
[WhiteRD "47"]
[BlackElo "1746"]
[BlackRD "46"]
[GameID "308807"]

1. d4 Nf6 2. Nf3 d5 3. Bf4 c5 4. e3 Nc6 5. c3 e6 6. h3 Bd6 7. Bxd6 Qxd6 8. Bb5 O-O 9. O-O Bd7 10. Bxc6 Bxc6
11. Nbd2 cxd4 12. cxd4 Rac8 13. Rc1 Bb5 14. Re1 Rc7 15. Rxc7 Qxc7 16. a4 Ba6 17. b4 b5 18. a5 Rc8 19. Nb3 Ne4 20. Nc5 Nxc5
21. dxc5 f6 22. Nd4 Qd7 23. Qg4 Re8 24. Rc1 f5 25. Qe2 e5 26. c6 Qc8 27. Nxb5 Re6 28. Nxa7 Qxc6 29. Rxc6
1-0

[Event "The old man the boat."]
[Site "SchemingMind.com"]
[Date "2012.04.21"]
[Round "-"]
[White "Scooter"]
[Black "Sir Osis of the Liver"]
[Result "1-0"]
[WhiteCountry "USA"]
[BlackCountry "ENG"]
[WhiteElo "1801"]
[WhiteRD "49"]
[BlackElo "1641"]
[BlackRD "105"]
[GameID "308808"]

1. d4 d5 2. Nf3 Nc6 3. Bf4 e6 4. e3 Nf6 5. Bb5 Bd7 6. O-O Be7 7. h3 h6 8. Nbd2 O-O 9. c4 Nb4 10. Bxd7 Qxd7
11. Qb3 Nh5 12. Bh2 a5 13. c5 Nf6 14. a3 Nc6 15. Qxb7 Rfc8 16. Qb3 Rcb8 17. Qc2 Ne4 18. Nxe4 dxe4 19. Qxe4 Rxb2 20. Ne5 Nxe5
21. Qxe5 Rc8 22. Rfb1 Bf6 23. Qe4 Rcb8 24. Rxb2 Rxb2 25. Qa8+ Kh7 26. Qxa5 c6 27. Qc3 Rb7 28. a4 Qd5 29. a5 Rb3 30. Qc2+ g6
31. a6 Bxd4 32. exd4 Qxd4 33. Qc1 Rc3 34. Qf4 Qxc5 35. Qxf7+ Kh8 36. Bf4 Rc2 37. Be3
1-0

[Event "The old man the boat."]
[Site "SchemingMind.com"]
[Date "2012.04.21"]
[Round "-"]
[White "keen"]
[Black "Scooter"]
[Result "1-0"]
[WhiteCountry "SCO"]
[BlackCountry "USA"]
[WhiteElo "1697"]
[WhiteRD "59"]
[BlackElo "1737"]
[BlackRD "53"]
[GameID "308809"]

1. d4 Nf6 2. e3 d5 3. Bd3 Bg4 4. f3 Bh5 5. c3 e6 6. Ne2 Be7 7. O-O Nbd7 8. Nd2 c5 9. Nf4 Bd6 10. Rf2 Bxf4
11. exf4 Bg6 12. f5 Bxf5 13. Bxf5 exf5 14. Re2+ Kf8 15. Nf1 g6 16. Bh6+ Kg8 17. Qe1 cxd4 18. cxd4 Nf8 19. Qb4 b6 20. Rae1 Qd7
21. Re7 Qc6 22. Rxf7
1-0

[Event "The old man the boat."]
[Site "SchemingMind.com"]
[Date "2012.04.22"]
[Round "-"]
[White "Archon"]
[Black "Scooter"]
[Result "1-0"]
[WhiteCountry "CAN"]
[BlackCountry "USA"]
[WhiteElo "1703"]
[WhiteRD "53"]
[BlackElo "1801"]
[BlackRD "49"]
[GameID "308810"]

1. Nf3 Nf6 2. c4 e6 3. g3 d5 4. Bg2 c6 5. d4 Bb4+ 6. Bd2 Bxd2+ 7. Nbxd2 O-O 8. O-O Nbd7 9. Qc2 b6 10. Rac1 Bb7
11. b3 Rc8 12. e3 Re8 13. Rfd1 Qe7 14. Ne5 Nxe5 15. dxe5 Ng4 16. Nf3 Qc7 17. cxd5 exd5 18. Rxd5 Qe7 19. Rd2 Nxe5 20. Nxe5 Qxe5
21. Rcd1 Ba8 22. Rd7 Rc7 23. Rd8 g6 24. Rxe8+ Qxe8 25. Qd2 c5 26. Qd8 Rc8 27. Qxe8+ Rxe8 28. Bxa8 Rxa8 29. Rd7 Kg7 30. Kg2 Kf6
31. Kf3 Ke6 32. Rb7 h5 33. Ke4 g5 34. h3 f5+ 35. Kd3 Rd8+ 36. Kc2 Rd7 37. Rxd7 Kxd7 38. Kc3 b5 39. f3 a5 40. a3 Kd6
41. Kd3 Ke5 42. Kc3 f4 43. exf4+ gxf4 44. g4 hxg4 45. hxg4 Kf6 46. Kd3 Ke5 47. Kc3 Kf6 48. Kd2 Kg5 49. Kd3 Kf6 50. Ke4 b4
51. axb4 cxb4 52. Kd4 Ke6 53. Kc4
1-0

[Event "The old man the boat."]
[Site "SchemingMind.com"]
[Date "2012.04.21"]
[Round "-"]
[White "tyler_ensor"]
[Black "Scooter"]
[Result "0-1"]
[WhiteCountry "CAN"]
[BlackCountry "USA"]
[WhiteElo "1837"]
[WhiteRD "75"]
[BlackElo "1767"]
[BlackRD "49"]
[GameID "308811"]

1. e4 c6 2. c4 d5 3. cxd5 cxd5 4. e5 Bf5 5. d4 e6 6. Nc3 Nd7 7. Nf3 Bb4 8. Bd3 Bxd3 9. Qxd3 Ne7 10. O-O O-O
11. Bd2 Bxc3 12. Bxc3 Rc8 13. Rac1 a6 14. Rc2 Nf5 15. Bb4 Re8 16. Rfc1 Rxc2 17. Qxc2 b5 18. Qc7 Nb6 19. Qxd8 Rxd8 20. Ba5 Rc8
21. Rxc8+ Nxc8 22. Bb4 Na7 23. g4 Nh6 24. h3 Nc6 25. b3 Nxb4 26. a4 Nd3 27. Nd2 Nf4 28. Kh2 Ne2 29. Nf3 Nc1 30. axb5 axb5
31. Nd2 f6 32. f4 Nf7 33. Kg2 Ne2
0-1